000 00368pab a2200145 454500
008 180718b2004 xxu||||| |||| 00| 0 eng d
100 _aLudvigson, Sydney C.
245 _aConsumer confidence and consumer spending
260 _c2004
300 _ap.29-50.
362 _aSpring
650 _aConsumers
773 _aJournal of Economic Perspectives
909 _a61660
999 _c61660
_d61660